Ratking

Bibliographic Details
Main Author: Dibdin, Michael
Format: Book
Published: Toronto : Bantam Books , 1989
Subjects:

MARC

LEADER 00000cam a2200000 7i4500
001 0000000851
002 000000954
005 20000330.0
020 |a 055305337X 
090 0 0 |a F   |b DIB 
100 1 |a Dibdin, Michael 
245 1 0 |a Ratking   |c Michael Dibdin 
260 |a Toronto :   |b Bantam Books ,   |c 1989 
300 |a 266 p. ;   |c 24 cm. 
650 0 0 |a Thriller fiction 
999 |a 029890   |b BUKU   |c PINJAMAN   |e PERPUSTAKAAN KOMUNITI PETALING JAYA 
999 |a 029891   |b BUKU   |c PINJAMAN   |e PERPUSTAKAAN KOMUNITI PETALING JAYA